Η εταιρική ταυτότητα σαν αλληλεπίδραση της εταιρίας με τις ενδιαφερόμενες ομάδες της : μία ερευνα για την επικοινωνία της εταιρικής ταυτότητας μέσω εικόνας για εταιρία κατασκευής γυαλιών ηλίου : διπλωματική εργασία
Μελέτη της εταιρικής ταυτότητας στα πλαίσια επικοινωνίας της εταιρείας με τις ενδιαφερόμενες ομάδες της και του ρόλου που παίζει η εικόνα στην επικοινωνία. Μελέτη περίπτωσης για την επικοινωνία της εταιρικής ταυτότητας μέσω εικόνας για εταιρεία κατασκευής γυαλιών ηλίου....
Αποθηκεύτηκε σε:
| Κύριος συγγραφέας: | |
|---|---|
| Συγγραφή απο Οργανισμό/Αρχή: | |
| Άλλοι συγγραφείς: | |
| Μορφή: | Thesis Βιβλίο |
| Γλώσσα: | Greek |
| Δημοσίευση: |
2014.
|
| Θέματα: | |
| Διαθέσιμο Online: | http://hdl.handle.net/11610/9116 |
| Ετικέτες: |
Προσθήκη ετικέτας
Δεν υπάρχουν, Καταχωρήστε ετικέτα πρώτοι!
|
MARC
| LEADER | 00000cam a2200000 i 4500 | ||
|---|---|---|---|
| 001 | 1/45493 | ||
| 008 | 140404s2014 gr |||||||||||||| ||gre|| | ||
| 035 | |l 10117312 | ||
| 040 | |a GR-MyUa |b gre |e AACR2 | ||
| 041 | 0 | |a gre | |
| 082 | 7 | |a 659.285 |2 (22) | |
| 100 | 1 | |a Γοργογιάννη, Κωνσταντίνα. | |
| 245 | 1 | 2 | |a Η εταιρική ταυτότητα σαν αλληλεπίδραση της εταιρίας με τις ενδιαφερόμενες ομάδες της : |b μία ερευνα για την επικοινωνία της εταιρικής ταυτότητας μέσω εικόνας για εταιρία κατασκευής γυαλιών ηλίου : διπλωματική εργασία / |c Κωνσταντίνα Γοργογιάννη ; επιβλέπων καθηγητής: Δάνος Παπαδόπουλος. |
| 260 | |c 2014. | ||
| 300 | |a 145 φύλλα : |b εικ. ; |c 30 εκ. | ||
| 500 | |a Διάθεση πλήρους κειμένου ελεύθερης πρόσβασης με κλειδωμένη τη δυνατότητα αντιγραφής του κειμένου. | ||
| 502 | |a Πτυχιακή εργασία - Πανεπιστήμιο Αιγαίου, Σύρος, 2014. | ||
| 504 | |a Βιβλιογραφία: σ. 143-145. | ||
| 520 | |a Μελέτη της εταιρικής ταυτότητας στα πλαίσια επικοινωνίας της εταιρείας με τις ενδιαφερόμενες ομάδες της και του ρόλου που παίζει η εικόνα στην επικοινωνία. Μελέτη περίπτωσης για την επικοινωνία της εταιρικής ταυτότητας μέσω εικόνας για εταιρεία κατασκευής γυαλιών ηλίου. | ||
| 650 | 0 | |a Corporate image. | |
| 650 | 0 | 0 | |a Dissertations, Academic |z Greece. |
| 700 | 1 | |a Παπαδόπουλος, Δάνος, |e dgs [Επιβλέπων καθηγητής] | |
| 710 | 2 | |a Πανεπιστήμιο Αιγαίου. |b Τμήμα Μηχανικών Σχεδίασης Προϊόντων και Συστημάτων. | |
| 852 | |a INST |b SYROS |c DIATR |e 20140404 |h 659.285 ΓΟΡ |p 005500011332 |q 005500011332 |t DIE |y 23 | ||
| 852 | |a INST |b SYROS |c DIATR |e 20140404 |h 659.285 ΓΟΡ |p 005500011333 |q 005500011333 |t DIE |y 23 | ||
| 856 | |u http://hdl.handle.net/11610/9116 | ||
| 901 | |a BIBL5-2012-1 | ||
| 924 | |a Γοργογιάννη |b Κωνσταντίνα |y Σύρος |z 2014-03 | ||
| 970 | |a Κοντού |b Παρασκευή |z 04/04/2014 | ||